Normal view
MARC view
Entry Geographic Name
001 - CONTROL NUMBER
- control field: 35188
003 - CONTROL NUMBER IDENTIFIER
- control field: ARRUPE
005 - DATE AND TIME OF LATEST TRANSACTION
- control field: 20170824105946.0
008 - FIXED-LENGTH DATA ELEMENTS
- fixed length control field: 170824|| aca||aabn | a|a d
040 ## - CATALOGING SOURCE
- Original cataloging agency: ARRUPE
- Transcribing agency: ARRUPE
151 ## - HEADING--GEOGRAPHIC NAME
- Geographic name: Rabun Gap (Ga.)
670 ## - SOURCE DATA FOUND
- Source citation: Work cat.: (ARRUPE)0: Foxfire 4 :, 1977.